Alle Airlines in Frankfurt - Statistiken

Allgemein
  • Dieses Quiz wurde 116 mal gespielt
  • Das Durchschnittsergebnis liegt bei 41 aus 81
Antwortstatistiken
Herkunftsland Airline % Korrekt
Deutschland Lufthansa
99%
Frankreich Air France
90%
Deutschland Condor
89%
Schweiz Swiss
89%
Vereinigtes Königreich British Airways
88%
Vereinigte Arabische Emirate Emirates
86%
Türkei Turkish Airlines
84%
Niederlande KLM
83%
Katar Qatar Airways
83%
China Air China
78%
Vereinigte Staaten Delta Airlines
78%
Finnland Finnair
78%
Vereinigte Staaten United Airlines
78%
Vereinigte Arabische Emirate Etihad Airways
77%
Kanada Air Canada
75%
Vereinigte Staaten American Airlines
75%
Deutschland Eurowings
75%
Ägypten Egyptair
73%
Österreich Austrian Airlines
72%
Indien Air India
69%
Singapur Singapore Airlines
69%
Spanien Iberia
68%
Italien ITA Airways
68%
Südkorea Korean Air
68%
Thailand Thai Airways
68%
Japan All Nippon Airways
67%
Portugal TAP Air Portugal
67%
Japan Japan Airlines
63%
Belgien Brussels Airlines
60%
Polen LOT
60%
Vietnam Vietnam Airlines
60%
Island Icelandair
59%
Türkei SunExpress
58%
China (Hongkong) Cathay Pacific
57%
Schweden Scandinavian Airlines
56%
China China Eastern
54%
China China Southern
54%
Vereinigtes Königreich easyJet
54%
Äthiopien Ethiopian Airlines
54%
Oman Oman Air
53%
Kroatien Croatia Airlines
52%
Brasilien LATAM
52%
Türkei Pegasus
52%
Saudi Arabien Saudia
51%
Griechenland Aegean Airlines
48%
Irland Aer Lingus
48%
Kuwait Kuwait Airways
48%
Lettland airBaltic
46%
Serbien AirSerbia
46%
Israel El Al
46%
Ägypten Air Cairo
44%
Taiwan China Airlines
44%
Tunesien Tunisair
44%
Italien AirDolomiti
43%
Bulgarien Bulgaria Air
42%
Jordanien Royal Jordanian
42%
Bahrain Gulf Air
41%
Deutschland Discover Airlines
40%
Südkorea Asiana Airlines
36%
Sri Lanka SriLankan Airlines
36%
Marokko Royal Air Maroc
35%
Deutschland Tuifly
35%
Turkmenistan Turkmenistan Airlines
33%
Libanon Middle East Airlines
30%
Türkei AJet
27%
Kasachstan Air Astana
26%
Rumänien TAROM
25%
Algerien Air Algerie
23%
Mongolei Mongolian Airlines
22%
Spanien Air Europa
19%
Usbekistan Uzbekistan Airways
19%
Deutschland Lufthansa City Line
17%
Griechenland SKY Express
16%
Montenegro Air Montenegro
14%
Moldau HiSky
10%
Tunesien Nouvelair
10%
Ukraine SkyUp Malta
10%
Ägypten Nile Air
9%
Südkorea Tway Air
9%
Ägypten Nesma Airlines
5%
Irak UR Airlines
1%
Keine übereinstimmenden Quizze gefunden
Verteilung der Resultate
Anzahl Personen mit jedem Resultat
Perzentil nach korrekt beantworteten Fragen
Ihre Resultats-Entwicklung
Sie haben dieses Quiz noch nicht gespielt